000 00507nam a2200181Ia 4500
005 20250326142807.0
008 250326s9999 xx 000 0 und d
037 _aTextbook
040 _aFMSL
_beng
_cFMSL
041 _aeng
_2eng
084 _aSNIobX:8 M4
_qFMSL
100 _aDubrin A J
_9738479
245 0 _aFoundations of organizational behaviour
_cDubrin A J
260 _aUSA
_bUSA, Prentice-Hall
_c1984
300 _a510p
942 _cTB
_hSNIobX:8 M4
999 _c1296658
_d1296658